الموضوعات : (رقم التسجيلة. 15675)
[ عرض عادي ]
| 000 -الفاتح | |
|---|---|
| حقل البيانات ثابتة الطول | 00942cam a22002291a 4500 |
| 003 - محدد رقم الضبط | |
| رقم الضبط | OSt |
| 005 - وقت وتاريخ اخر تعامل مع التسجيلة | |
| رقم الضبط | 20150408113927.0 |
| 008 - عناصر البيانات ثابتة الطول - معلومات عامة | |
| حقل البيانات ثابتة الطول | 060131s2003 ts g 000 0 ara c |
| 040 ## - مصدر الفهرسة | |
| وكالة الفهرسة الأصلية | MU |
| لغة الفهرسة | ara |
| وكالة النسخ | MB |
| 050 4# - رقم طلب مكتبة الكونجرس | |
| رقم التصنيف | BP135. A2. |
| رقم المادة | I2632 2003 |
| 082 0# - رقم تصنيف ديوى العشرى | |
| رقم التصنيف | 232.64 |
| رقم الطبعة | 21 |
| 100 1# - المدخل الرئيسى - إسم شخصى | |
| الإسم الشخصى | ابن الجوزي، عبد الرحمن بن علي بن محمد، |
| التواريخ المصاحبة للاسم | 508-597 هـ. |
| 9 (RLIN) | 5110 |
| 245 12 - بيان العنوان | |
| العنوان | الموضوعات : |
| بقية العنوان | دراسة وتحقيقا وترجمة / |
| بيان المسئوليه,etc | أبو الفرج عبد الرحمن بن علي بن محمد بن الجوزي ؛ تحقيق محمود أحمد القيسية. |
| 250 ## - بيان الطبعة | |
| بيان الطبعة | ط. 3. |
| 260 ## - PUBLICATION, DISTRIBUTION, ETC. (IMPRINT) | |
| مكان الناشر او الموزع | أبو ظبي : |
| اسم الناشر او الموزع | مؤسسة النداء، |
| تاريخ النشر أو التوزيع | 2003 |
| 300 ## - الوصف المادى | |
| التعداد | 4 ج. |
| 650 #7 - المدخل الاضافى بالموضوع-مصطلح موضوعى | |
| مصطلح موضوعي أو اسم جغرافي كعنصر مدخل | الحديث الموضوع |
| مصدر الرأس أو المصطلح | aucsh |
| 650 #7 - المدخل الاضافى بالموضوع-مصطلح موضوعى | |
| مصطلح موضوعي أو اسم جغرافي كعنصر مدخل | الحديث |
| التقسيم الفرعي العام | إسناد |
| مصدر الرأس أو المصطلح | aucsh |
| 650 #7 - المدخل الاضافى بالموضوع-مصطلح موضوعى | |
| مصطلح موضوعي أو اسم جغرافي كعنصر مدخل | الحديث |
| التقسيم الفرعي العام | الجرح والتعديل |
| مصدر الرأس أو المصطلح | aucsh |
| 9 (RLIN) | 110 |
| 700 1# - المدخل الاضافى - اسم شخصى | |
| الإسم الشخصى | القيسية، محمود أحمد |
| الدور | محقق. |
| 9 (RLIN) | 5111 |
| 942 ## - عناصر المدخل الإضافي( كوها) | |
| مصدر التصنيف او مخطط الترفيف | Dewey Decimal Classification |
| Koha [default] item type | كتاب |
| حالة الفقد | نموذج السعر الفعال | حالة تلف | ليس للاعارة | رقم الطلب | تاريخ الاكتساب | الموقع الحالي | الباركود | الفرع الرئيسي | Date last seen | نوع المادة فى نظام كوها | مصدر التصنيف او خطة الترفيف | Total Checkouts |
|---|---|---|---|---|---|---|---|---|---|---|---|---|
| 2013-03-10 | 232.64 مج1 ج ع م | 2011-10-04 | المكتبة المركزية بالمجمعة (CL) | 00069604 | المكتبة المركزية بالمجمعة (CL) | 2013-03-10 | كتاب | Dewey Decimal Classification | ||||
| 2013-03-10 | 232.64 مج1 ج ع م | 2011-10-04 | المكتبة المركزية بالمجمعة (CL) | 00069600 | المكتبة المركزية بالمجمعة (CL) | 2013-03-10 | كتاب | Dewey Decimal Classification | ||||
| 2013-03-10 | 232.64 مج2 ج ع م | 2011-10-04 | المكتبة المركزية بالمجمعة (CL) | 00069603 | المكتبة المركزية بالمجمعة (CL) | 2013-03-10 | كتاب | Dewey Decimal Classification | ||||
| 2013-03-10 | 232.64 مج2 ج ع م | 2011-10-04 | المكتبة المركزية بالمجمعة (CL) | 00069599 | المكتبة المركزية بالمجمعة (CL) | 2013-03-10 | كتاب | Dewey Decimal Classification | ||||
| 2013-03-10 | 232.64 مج3 ج ع م | 2011-10-04 | المكتبة المركزية بالمجمعة (CL) | 00069601 | المكتبة المركزية بالمجمعة (CL) | 2013-03-10 | كتاب | Dewey Decimal Classification | ||||
| 2013-03-10 | 232.64 مج3 ج ع م | 2011-10-04 | المكتبة المركزية بالمجمعة (CL) | 00069598 | المكتبة المركزية بالمجمعة (CL) | 2013-03-10 | كتاب | Dewey Decimal Classification | ||||
| 2013-03-10 | 232.64 مج3 ج ع م | 2011-10-04 | المكتبة المركزية بالمجمعة (CL) | 00069597 | المكتبة المركزية بالمجمعة (CL) | 2013-03-10 | كتاب | Dewey Decimal Classification | ||||
| 2013-03-10 | 232.64 مج3 ج ع م | 2011-10-04 | المكتبة المركزية بالمجمعة (CL) | 00069602 | المكتبة المركزية بالمجمعة (CL) | 2013-03-10 | كتاب | Dewey Decimal Classification |
